| 000 | 01300cam a2200361 a 4500 | ||
|---|---|---|---|
| 999 |
_c7890 _d7890 |
||
| 001 | 16980818 | ||
| 003 | OSt | ||
| 005 | 20200120145112.0 | ||
| 008 | 110928s2013 maua b 001 0 eng | ||
| 010 | _a 2011037269 | ||
| 020 | _a9788131789209 | ||
| 035 | _a(OCoLC)ocn755904451 | ||
| 040 |
_aDLC _cDLC _dYDX _dYDXCP _dBWX _dCDX _dDLC |
||
| 042 | _apcc | ||
| 050 | 0 | 0 |
_aHF5415.13 _b.C533 2013 |
| 082 | 0 | 0 |
_a658.7 _223 _bCHO/S |
| 100 |
_aChopra, Sunil _d1960- _91310 |
||
| 245 | 1 | 0 |
_aSupply chain management : _bstrategy, planning, and operation / _cSunil Chopra, Peter Meindl. |
| 250 | _a5th ed. | ||
| 260 |
_aDelhi : _bPearson, _cc2013. |
||
| 300 |
_axvii, 557 p. : _bill. ; _c27 cm. |
||
| 504 | _aIncludes bibliographical references and index. | ||
| 650 | 0 |
_aMarketing channels _xManagement. |
|
| 650 | 0 |
_aDelivery of goods _xManagement. |
|
| 650 | 0 |
_aPhysical distribution of goods _xManagement. |
|
| 650 | 0 |
_aCustomer services _xManagement. |
|
| 650 | 0 | _aIndustrial procurement. | |
| 650 | 0 | _aMaterials management. | |
| 700 | 1 |
_aMeindl, Peter, _d1970- _91343 |
|
| 906 |
_a7 _bcbc _corignew _d1 _eecip _f20 _gy-gencatlg |
||
| 942 |
_2ddc _cBK _h658.7 _iCHO/S _k658.7 _mCHO/S |
||